Flagi prowincji i terytoriów Kanady - Statystyki

Ogólne statystyki
  • Ten quiz został rozwiązany 218 razy
  • Średni wynik to 8 z 13
Statystyki odpowiedzi
Obrazkowy Odpowiedź % Poprawnych
Quebec
95%
Ontario
76%
Nowa Szkocja
72%
Kolumbia Brytyjska
67%
Wyspa Księcia Edwarda
62%
Nunavut
61%
Alberta
60%
Jukon
58%
Nowy Brunszwik
57%
Saskatchewan
57%
Manitoba
55%
Terytoria Północno-Zachodnie
47%
Nowa Fundlandia i Labrador
44%
Nie znaleziono quizów pasujących do podanych kryteriów
Rozkład punktacji
Procent ludzi z każdym wynikiem
Percentyl według liczby udzielonych odpowiedzi
Twoja historia wyników
Nie rozwiązałeś tego quizu